00430nam a2200133Ia 4500008004100000020001500041050002200056100003700078245008300115260004600198300001900244650001500263650001800278120626s9999 xx 000 0 und d a9686513051 aRC495 bC65 1995 aMéndez Ch., Elizabeth eautor  aCompartiendo experiencias de terapia con hipnosis c/ Elizabeth, Méndez Ch. aMéxico b: Instituto Milton H. Erickson a146 páginas  0aHIPNOTISMO 0aTERAPÉUTICA